{"text_format":"3","workbook":"xlsx","n_sheets":8,"sheets":["表-04 单位工程预算价汇总表","表5-6 分部分项工程报价表","7.工程量清单项目预算表(竖表)","表5-11 措施项目报价表（一）","表5-12 措施项目报价表（二）","表5-13 其他项目报价表","表-13 规费、税金项目清单与计价表","8.单位工程人材机汇总表"],"read":"part_unreadable","date_system":"1900"}

{"sheet":"表-04 单位工程预算价汇总表","index":0,"n_rows":0,"n_cols":0,"rows_kept":0,"read":"part_unreadable","flags":["styles_unread"]}

{"sheet":"表5-6 分部分项工程报价表","index":1,"n_rows":34,"n_cols":10,"rows_kept":34,"merged":[[0,0,0,9],[1,0,1,5],[1,7,1,9],[2,0,3,0],[2,1,3,1],[2,2,3,2],[2,3,3,3],[2,4,3,4],[2,5,3,7],[2,8,2,9],[4,5,4,7],[5,5,5,7],[6,5,6,7],[7,5,7,7],[8,5,8,7],[9,5,9,7],[10,5,10,7],[11,2,11,3],[11,5,11,7],[12,5,12,7],[13,5,13,7],[14,5,14,7],[15,5,15,7],[16,5,16,7],[17,5,17,7],[18,5,18,7],[19,5,19,7],[20,5,20,7],[21,5,21,7],[22,5,22,7],[23,5,23,7],[24,5,24,7],[25,5,25,7],[26,5,26,7],[27,5,27,7],[28,5,28,7],[29,5,29,7],[30,5,30,7],[31,5,31,7],[32,0,32,8],[33,0,33,8]],"flags":["styles_unread"]}
["分部分项工程报价表"]
["工程名称：汕头职业技术学院院本部学生宿舍和教学场所防护网加装项目",{"$nulls":6},"第 1 页  共 1 页"]
["序号","项目编码","项目名称","项目特征描述","计量\n单位","工程数量",null,null,"金额（元）"]
[{"$nulls":8},"综合单价","合价"]
[1,"010807004001","1.65 金属纱窗","1.不锈钢隐形纱窗安装\n2.不锈钢尼龙防护网","m2","1059.28",null,null,155.59,164813.92]
[2,"010807004002","1.68 金属纱窗","1.不锈钢隐形纱窗安装\n2.不锈钢尼龙防护网","m2","782.54",null,null,155.59,121756.02]
[3,"010807004003","1.8 金属纱窗","1.不锈钢隐形纱窗安装\n2.不锈钢尼龙防护网","m2","361.44",null,null,155.59,56236.45]
[4,"010516002001","预埋铁件","1.预埋铁件","t","0.30",null,null,27864.21,8242.23]
[5,"010516001001","膨胀螺栓 M6-80","1.膨胀螺栓安装","t","8724.00",null,null,6.03,52605.72]
[6,"011610002001","防护网拆除","1.防护网拆除(整樘) 金属\n2.拆除废料外运 实际运距(km):10","m2","140.00",null,null,16.66,2332.4]
[7,"010807004004","金属纱窗","1.不锈钢隐形纱窗安装\n2.不锈钢尼龙防护网","m2","140.00",null,null,155.59,21782.6]
[{"$nulls":9},427769.34]
{"$rows_empty":20}
["本页小计",{"$nulls":8},427769.34]
["合  计",{"$nulls":8},427769.34]

{"sheet":"7.工程量清单项目预算表(竖表)","index":2,"n_rows":36,"n_cols":9,"rows_kept":36,"merged":[[0,0,0,8],[1,0,1,5],[1,6,1,8],[2,0,2,0],[2,1,2,1],[2,2,2,3],[2,4,2,4],[2,5,2,6],[2,7,2,7],[3,0,3,0],[3,2,3,3],[3,5,3,6],[4,0,5,0],[4,2,4,3],[4,5,4,6],[5,2,5,3],[5,5,5,6],[6,0,6,0],[6,2,6,3],[6,5,6,6],[7,0,8,0],[7,2,7,3],[7,5,7,6],[8,2,8,3],[8,5,8,6],[9,0,9,0],[9,2,9,3],[9,5,9,6],[10,0,11,0],[10,2,10,3],[10,5,10,6],[11,2,11,3],[11,5,11,6],[12,0,12,0],[12,2,12,3],[12,5,12,6],[13,0,13,0],[13,2,13,3],[13,5,13,6],[14,0,14,0],[14,2,14,3],[14,5,14,6],[15,0,15,0],[15,2,15,3],[15,5,15,6],[16,0,16,0],[16,2,16,3],[16,5,16,6],[17,0,18,0],[17,2,17,3],[17,5,17,6],[18,2,18,3],[18,5,18,6],[19,0,19,0],[19,2,19,3],[19,5,19,6],[20,0,21,0],[20,2,20,3],[20,5,20,6],[21,2,21,3],[21,5,21,6],[22,0,22,0],[22,2,22,3],[22,5,22,6],[23,0,23,0],[23,2,23,3],[23,5,23,6],[24,0,24,0],[24,2,24,3],[24,5,24,6],[25,0,25,0],[25,2,25,3],[25,5,25,6],[26,0,26,0],[26,2,26,3],[26,5,26,6],[27,0,27,0],[27,2,27,3],[27,5,27,6],[28,0,28,0],[28,2,28,3],[28,5,28,6],[29,0,29,0],[29,2,29,3],[29,5,29,6],[30,0,30,0],[30,2,30,3],[30,5,30,6],[31,0,31,0],[31,2,31,3],[31,5,31,6],[32,0,32,0],[32,2,32,3],[32,5,32,6],[33,0,33,0],[33,2,33,3],[33,5,33,6],[34,0,34,0],[34,2,34,3],[34,5,34,6],[35,2,35,3],[35,5,35,6]],"flags":["styles_unread"]}
["综合单价计算表"]
["工程名称：汕头职业技术学院院本部学生宿舍和教学场所防护网加装项目",{"$nulls":5},"第 1 页 共 1 页"]
["序号","编码","名称",null,"单位","工程量",null,"综合单价\n（元）","综合合价\n（元）"]
[1,"010807004001","1.65 金属纱窗",null,"m2","1059.2835",null,155.59,164813.92]
[null,"A1-9-186","不锈钢隐形纱窗安装",null,"100m2",10.592835,null,3832.69,40599.05]
[null,"MC1-65","不锈钢尼龙防护网",null,"m2",1059.2835,null,117.26,124211.58]
[2,"010807004002","1.68 金属纱窗",null,"m2","782.544",null,155.59,121756.02]
[null,"A1-9-186","不锈钢隐形纱窗安装",null,"100m2",7.82544,null,3832.69,29992.49]
[null,"MC1-65","不锈钢尼龙防护网",null,"m2",782.544,null,117.26,91761.11]
[3,"010807004003","1.8 金属纱窗",null,"m2","361.44",null,155.59,56236.45]
[null,"A1-9-186","不锈钢隐形纱窗安装",null,"100m2",3.6144,null,3832.69,13852.87]
[null,"MC1-65","不锈钢尼龙防护网",null,"m2",361.44,null,117.26,42382.45]
[4,"010516002001","预埋铁件",null,"t","0.2958",null,27864.21,8242.23]
[null,"A1-5-150 换","预埋铁件",null,"t",0.2958,null,27864.21,8242.23]
[5,"010516001001","膨胀螺栓 M6-80",null,"t","8724",null,6.03,52605.72]
[null,"A1-7-85","膨胀螺栓安装",null,"100套",87.24,null,602.74,52583.04]
[6,"011610002001","防护网拆除",null,"m2","140",null,16.66,2332.4]
[null,"A1-19-53 R*1.5","防护网拆除(整樘) 金属 \u007f超过4m2 人工*1.5",null,"10樘",2.4,null,853.84,2049.22]
[null,"A1-19-69 换","拆除废料外运 人工装自卸汽车运 3km内 \u007f实际运距(km):10",null,"10m3",0.28,null,1010.14,282.84]
[7,"010807004004","金属纱窗",null,"m2","140",null,155.59,21782.6]
[null,"A1-9-186","不锈钢隐形纱窗安装",null,"100m2",1.4,null,3832.69,5365.77]
[null,"MC1-65","不锈钢尼龙防护网",null,"m2",140,null,117.26,16416.4]
{"$rows_empty":13}
[null,null,"合   计",{"$nulls":5},427769.34]

{"sheet":"表5-11 措施项目报价表（一）","index":3,"n_rows":36,"n_cols":7,"rows_kept":36,"merged":[[0,0,0,6],[1,0,1,3],[1,5,1,6],[2,3,2,5],[3,3,3,5],[4,3,4,5],[5,3,5,5],[6,3,6,5],[7,3,7,5],[8,3,8,5],[9,3,9,5],[10,3,10,5],[11,3,11,5],[12,3,12,5],[13,3,13,5],[14,3,14,5],[15,3,15,5],[16,3,16,5],[17,3,17,5],[18,3,18,5],[19,3,19,5],[20,3,20,5],[21,3,21,5],[22,3,22,5],[23,3,23,5],[24,3,24,5],[25,3,25,5],[26,3,26,5],[27,3,27,5],[28,3,28,5],[29,3,29,5],[30,3,30,5],[31,3,31,5],[32,3,32,5],[33,3,33,5],[34,0,34,5],[35,0,35,3],[35,5,35,6]],"flags":["styles_unread"]}
["措施项目清单与计价表（一）"]
["工程名称：汕头职业技术学院院本部学生宿舍和教学场所防护网加装项目",{"$nulls":4},"第 1 页  共 1 页"]
["序号","项目名称","计算基础","费 率（%）",null,null,"金额（元）"]
["1","绿色施工安全防护措施费"]
["LSSGCSF00001","绿色施工安全防护措施费","分部分项人工费+分部分项机具费","13",null,null,12448.78]
["2","措施其他项目"]
["WMGDZJF00001","文明工地增加费","分部分项人工费+分部分项机具费","0"]
["011707002001","夜间施工增加费",null,"20"]
["GGCSF0000001","赶工措施费","分部分项人工费+分部分项机具费","0"]
["QTFY00000001","其他费用"]
{"$rows_empty":24}
["合    计",{"$nulls":5},12448.78]
["'注：本表适用于以“项”计价的措施项目"]

{"sheet":"表5-12 措施项目报价表（二）","index":4,"n_rows":63,"n_cols":10,"rows_kept":63,"merged":[[0,0,0,9],[1,0,1,5],[1,7,1,9],[2,0,3,0],[2,1,3,1],[2,2,3,2],[2,3,3,3],[2,4,3,4],[2,5,3,7],[2,8,2,9],[4,5,4,7],[5,5,5,7],[6,5,6,7],[7,5,7,7],[8,5,8,7],[9,5,9,7],[10,5,10,7],[11,5,11,7],[12,5,12,7],[13,5,13,7],[14,5,14,7],[15,5,15,7],[16,5,16,7],[17,5,17,7],[18,5,18,7],[19,5,19,7],[20,0,20,8],[21,5,21,7],[22,5,22,7],[23,5,23,7],[24,5,24,7],[25,5,25,7],[26,5,26,7],[27,0,27,8],[28,0,28,5],[28,7,28,9],[29,0,29,9],[30,0,30,5],[30,7,30,9],[31,0,32,0],[31,1,32,1],[31,2,32,2],[31,3,32,3],[31,4,32,4],[31,5,32,7],[31,8,31,9],[33,5,33,7],[34,5,34,7],[35,5,35,7],[36,5,36,7],[37,0,37,8],[38,5,38,7],[39,5,39,7],[40,5,40,7],[41,5,41,7],[42,5,42,7],[43,5,43,7],[44,5,44,7],[45,5,45,7],[46,5,46,7],[47,5,47,7],[48,5,48,7],[49,5,49,7],[50,5,50,7],[51,5,51,7],[52,5,52,7],[53,5,53,7],[54,5,54,7],[55,5,55,7],[56,5,56,7],[57,5,57,7],[58,5,58,7],[59,5,59,7],[60,0,60,8],[61,0,61,8],[62,0,62,5],[62,7,62,9]],"flags":["styles_unread"]}
["措施项目清单与计价表（二）"]
["工程名称：汕头职业技术学院院本部学生宿舍和教学场所防护网加装项目",{"$nulls":6},"第 1 页  共 2 页"]
["序号","项目编码","项目名称","项目特征","计量\n单位","工程数量",null,null,"金额（元）"]
[{"$nulls":8},"综合单价","合价"]
[1,null,"绿色施工安全防护措施费"]
["1.1","1.1","综合脚手架",null,"项","1",null,null,8049.63,8049.63]
["1.1.1","粤011701012001","活动脚手架","1.墙柱面活动脚手架","m2","3726.6807",null,null,2.16,8049.63]
["1.1.1.1","A1-21-136","墙柱面活动脚手架",null,"100m2","37.266807",null,null,216.01,8050]
["1.2","1.2","靠脚手架安全挡板",null,"项","1"]
["1.3","1.3","密目式安全网",null,"项","1"]
["1.4","1.4","围尼龙编织布",null,"项","1"]
["1.5","1.5","模板的支架",null,"项","1"]
["1.6","1.6","施工现场围挡和临时占地围挡",null,"项","1"]
["1.7","1.7","施工围挡照明",null,"项","1"]
["1.8","1.8","临时钢管架通道",null,"项","1"]
["1.9","1.9","独立安全防护挡板",null,"项","1"]
["1.10","1.10","吊装设备基础",null,"项","1"]
["1.11","1.11","防尘降噪绿色施工防护棚",null,"项","1"]
["1.12","1.12","施工便道",null,"项","1"]
["1.13","1.13","样板引路",null,"项","1"]
["小  计",{"$nulls":8},8049.63]
[2,null,"措施其他项目"]
["2.1","2.5","模板工程",null,"项","1"]
["2.2","2.6","垂直运输工程",null,"项","1",null,null,2927.47,2927.47]
["2.2.1","粤011703002001","单独装饰装修工程垂直运输",null,"项","1",null,null,2927.47,2927.47]
["2.2.1.1","A1-22-75","人工垂直运输 铝合金门窗 3层以内",null,"100m2","12.940197",null,null,86.99,1125.67]
["2.2.1.2","A1-22-76","人工垂直运输 铝合金门窗 3层以上6层以内",null,"100m2","8.959032",null,null,138.05,1236.79]
["本页小计",{"$nulls":8},10977.1]
["注：本表使用于以综合单价形式计价的措施项目"]
["措施项目清单与计价表（二）"]
["工程名称：汕头职业技术学院院本部学生宿舍和教学场所防护网加装项目",{"$nulls":6},"第 2 页  共 2 页"]
["序号","项目编码","项目名称","项目特征","计量\n单位","工程数量",null,null,"金额（元）"]
[{"$nulls":8},"综合单价","合价"]
["2.2.1.3","A1-22-46 R*0.8","人工垂直运输 中砂 3层以上6层以内 \u007f人工清运拆除废料的垂直运输 人工*0.8",null,"m3","2.8",null,null,201.79,565.01]
["2.3","2.7","材料及小型构件二次水平运输",null,"项","1"]
["2.4","2.8","成品保护工程",null,"项","1"]
["2.5","2.9","井点降水工程",null,"项","1"]
["小  计",{"$nulls":8},2927.47]
{"$rows_empty":22}
["本页小计"]
["合  计",{"$nulls":8},10977.1]
["注：本表使用于以综合单价形式计价的措施项目"]

{"sheet":"表5-13 其他项目报价表","index":5,"n_rows":31,"n_cols":7,"rows_kept":31,"merged":[[0,0,0,6],[1,0,1,3],[1,5,1,6],[2,3,2,5],[3,3,3,5],[4,3,4,5],[5,3,5,5],[6,3,6,5],[7,3,7,5],[8,3,8,5],[9,3,9,5],[10,3,10,5],[11,3,11,5],[12,3,12,5],[13,3,13,5],[14,3,14,5],[15,3,15,5],[16,3,16,5],[17,3,17,5],[18,3,18,5],[19,3,19,5],[20,3,20,5],[21,3,21,5],[22,3,22,5],[23,3,23,5],[24,3,24,5],[25,3,25,5],[26,3,26,5],[27,3,27,5],[28,3,28,5],[29,0,29,2],[29,3,29,5],[30,0,30,3],[30,5,30,6]],"flags":["styles_unread"]}
["其他项目清单与计价表"]
["工程名称：汕头职业技术学院院本部学生宿舍和教学场所防护网加装项目",{"$nulls":4},"第 1 页  共 1 页"]
["序号","项目名称","单位","金额（元）",null,null,"备注"]
["1","暂列金额","项"]
["2","暂估价","项"]
["2.1","材料暂估价","项"]
["2.2","专业工程暂估价","项"]
["3","计日工","项"]
["4","总承包服务费","项"]
["5","预算包干费","项",6703.19,null,null,"按分部分项的人工费与施工机具费之和的 7.00%计算"]
["6","工程优质费","项",{"$nulls":3},"按分部分项的人工费与施工机具费之和为计算基础\n国家级质量奖：12.00%；省级质量奖：7.50%；市级质量奖：4.50%"]
["7","概算幅度差","项",{"$nulls":3},"按分部分项工程费为计算基础\n建筑工程：3.00%；"]
["8","现场签证费用","项"]
["9","索赔费用","项"]
["10","其他费用","项",{"$nulls":3},"按实际发生或经批准的施工方案计算"]
{"$rows_empty":14}
["合    计",null,null,"6703.19",null,null,"-"]
["注：材料暂估单价进入清单项目综合单价，此处不汇总"]

{"sheet":"表-13 规费、税金项目清单与计价表","index":6,"n_rows":36,"n_cols":8,"rows_kept":36,"merged":[[0,0,0,7],[1,0,1,2],[1,3,1,5],[1,6,1,7],[2,2,2,3],[2,5,2,6],[3,2,3,3],[3,5,3,6],[4,2,4,3],[4,5,4,6],[5,2,5,3],[5,5,5,6],[6,2,6,3],[6,5,6,6],[7,2,7,3],[7,5,7,6],[8,2,8,3],[8,5,8,6],[9,2,9,3],[9,5,9,6],[10,2,10,3],[10,5,10,6],[11,2,11,3],[11,5,11,6],[12,2,12,3],[12,5,12,6],[13,2,13,3],[13,5,13,6],[14,2,14,3],[14,5,14,6],[15,2,15,3],[15,5,15,6],[16,2,16,3],[16,5,16,6],[17,2,17,3],[17,5,17,6],[18,2,18,3],[18,5,18,6],[19,2,19,3],[19,5,19,6],[20,2,20,3],[20,5,20,6],[21,2,21,3],[21,5,21,6],[22,2,22,3],[22,5,22,6],[23,2,23,3],[23,5,23,6],[24,2,24,3],[24,5,24,6],[25,2,25,3],[25,5,25,6],[26,2,26,3],[26,5,26,6],[27,2,27,3],[27,5,27,6],[28,2,28,3],[28,5,28,6],[29,2,29,3],[29,5,29,6],[30,2,30,3],[30,5,30,6],[31,2,31,3],[31,5,31,6],[32,2,32,3],[32,5,32,6],[33,2,33,3],[33,5,33,6],[34,2,34,3],[34,5,34,6],[35,0,35,6],[36,0,36,2],[36,3,36,7]],"flags":["styles_unread"]}
["规费、税金项目清单与计价表"]
["工程名称：汕头职业技术学院院本部学生宿舍和教学场所防护网加装项目",null,null,"标段：",null,null,"第 1 页  共 1 页"]
["序号","项目名称","计算基础",null,"取费基数","计算费率\n(%)",null,"金额(元)"]
["1","增值税销项税额","分部分项合计+措施合计+其他项目",null,457898.41,"9",null,41210.86]
{"$rows_empty":31}
["合    计",{"$nulls":6},41210.86]

{"sheet":"8.单位工程人材机汇总表","index":7,"n_rows":37,"n_cols":10,"rows_kept":37,"merged":[[0,0,0,9],[1,0,1,5],[1,6,1,7],[1,8,1,9],[2,5,2,6],[2,7,2,8],[3,5,3,6],[3,7,3,8],[4,5,4,6],[4,7,4,8],[5,5,5,6],[5,7,5,8],[6,5,6,6],[6,7,6,8],[7,5,7,6],[7,7,7,8],[8,5,8,6],[8,7,8,8],[9,5,9,6],[9,7,9,8],[10,5,10,6],[10,7,10,8],[11,5,11,6],[11,7,11,8],[12,5,12,6],[12,7,12,8],[13,5,13,6],[13,7,13,8],[14,5,14,6],[14,7,14,8],[15,5,15,6],[15,7,15,8],[16,5,16,6],[16,7,16,8],[17,5,17,6],[17,7,17,8],[18,5,18,6],[18,7,18,8],[19,5,19,6],[19,7,19,8],[20,5,20,6],[20,7,20,8],[21,5,21,6],[21,7,21,8],[22,5,22,6],[22,7,22,8],[23,5,23,6],[23,7,23,8],[24,5,24,6],[24,7,24,8],[25,5,25,6],[25,7,25,8],[26,5,26,6],[26,7,26,8],[27,5,27,6],[27,7,27,8],[28,5,28,6],[28,7,28,8],[29,5,29,6],[29,7,29,8],[30,5,30,6],[30,7,30,8],[31,5,31,6],[31,7,31,8],[32,5,32,6],[32,7,32,8],[33,5,33,6],[33,7,33,8],[34,5,34,6],[34,7,34,8],[35,5,35,6],[35,7,35,8],[36,5,36,6],[36,7,36,8]],"flags":["styles_unread"]}
["单位工程人材机汇总表"]
["工程名称：汕头职业技术学院院本部学生宿舍和教学场所防护网加装项目",{"$nulls":7},"第 1 页  共 1 页"]
["序号","编码","名称及规格","单位","数量","不含税单价\n（元）",null,"合价\n（元）",null,"备注"]
[1,"00010010","人工费","元","102898.1172",1,null,102898.12]
[2,"03135001","低碳钢焊条综合","kg",10.6488,7.37,null,78.48]
[3,"99450760","其他材料费","元",10518.7286,1,null,10518.73]
[4,"MC1-65","316尼龙不锈钢丝网","m2",2343.2675,117.26,null,274771.55]
[5,"01270001","不锈钢型钢","t",0.2988,23096.74,null,6901.31]
[6,"03011330@1","膨胀螺栓M6-80","套",9421.92,0.23,null,2167.04]
[7,"00010003","机上人工","工日",0.2548,230,null,58.6]
[8,"99450630","折旧费","元",373.6284,1,null,373.63]
[9,"99450640","检修费","元",77.8144,1,null,77.81]
[10,"99450650","维护费","元",113.4436,1,null,113.44]
[11,"99450660","安拆费","元",16.5572,1,null,16.56]
[12,"99450670","汽油(机械用)国Ⅲ93#","kg",7.9854,8.63,null,68.91]
[13,"99450700","电(机械用)","kW·h",326.9006,0.55,null,179.8]
[14,"JXFTZ","机械费调整","元",-0.0028,1]
{"$rows_empty":19}
[null,null,"合计",{"$nulls":4},398223.98]